| 000 | 00755nam a22002297a 4500 | ||
|---|---|---|---|
| 003 | OSt | ||
| 005 | 20231101163517.0 | ||
| 008 | 221006b |||||||| |||| 00| 0 eng d | ||
| 040 | _cBiblioteca Lado V | ||
| 082 |
_a764.8 _bB247c |
||
| 100 |
_91195 _aBardy, Carmen _eautor |
||
| 245 |
_aCarmen Bardy/ _bSerigrafías |
||
| 260 |
_aCosta Rica _c1988 _bMuseo de Arte Costarricense |
||
| 300 |
_a6 p. _c24.5 x 18.5 cm |
||
| 366 | _efre | ||
| 366 | _eeng | ||
| 650 |
_2Tesauro de Arte & Arquitectura _aARTE _9703 |
||
| 650 |
_2Tesauro de Arte & Arquitectura _aCOLECCIÓN _9702 |
||
| 650 |
_2Tesauro de Arte & Arquitectura _aEXHIBICIÓN _9703 |
||
| 650 |
_2Tesauro de Arte & Arquitectura _aSERIGRAFÍAS |
||
| 942 |
_2ddc _c1 _h764.8 _iB247c _n0 |
||
| 999 |
_c4535 _d4535 |
||